| 000 | 00949nam a2200241 i 4500 | ||
|---|---|---|---|
| 001 | 153393 | ||
| 003 | ES-MaACL | ||
| 005 | 20250801084121.0 | ||
| 008 | 931025s1868 sp |||| | spa d | ||
| 080 | _a326(729.1) | ||
| 080 | _a326(729.5) | ||
| 100 | 1 |
_aMurga y Mugártegui, Gonzalo de _984568 |
|
| 245 | 1 | 0 |
_aDe la abolición de la esclavitud en las islas de Cuba y Puerto Rico / _c[por Gonzalo de Murga]. |
| 260 |
_aMadrid : _b[s.n.], _c1868 ( _fEstab. Tip. de T. Fortanet) |
||
| 300 |
_a24 p. ; _c23 cm. |
||
| 530 | _aDisponible en formato digital. | ||
| 650 | 4 |
_aMovimientos antiesclavistas. _9136549 |
|
| 650 | 4 |
_aEsclavitud- _zCuba. _9138905 |
|
| 650 | 4 |
_aEsclavitud- _zPuerto Rico _912363 |
|
| 852 | 4 |
_aES-MaACL _jT-93-F-9 _z- Enc. hol., falto de la enc. original _z- Enc. en un vol. facticio |
|
| 856 | 4 |
_uhttp://bdh-rd.bne.es/viewer.vm?id=0000092814&page=1 _zBiblioteca Digital Hispánica |
|
| 999 |
_c153393 _d153393 |
||